[Event "SVK-chT1E 1617"]
[Site "Slovakia"]
[Date "2017.02.25"]
[Round "8.4"]
[White "Belus, Benjamin"]
[Black "Biros, Robert"]
[Result "0-1"]
[WhiteElo "1917"]
[BlackElo "2127"]
[PlyCount "64"]
[EventDate "2016.10.15"]
[EventType "team-tourn"]
[EventRounds "11"]
[EventCountry "SVK"]
[SourceTitle "EXT 2018"]
[Source "ChessBase"]
[SourceDate "2017.10.13"]
[SourceVersion "1"]
[SourceVersionDate "2017.10.13"]
[SourceQuality "1"]
[WhiteTeam "Kezmarok"]
[BlackTeam "Zilina Mladost"]
[WhiteTeamCountry "SVK"]
[BlackTeamCountry "SVK"]

1. e4 c5 2. Nc3 g6 3. f4 Bg7 4. Nf3 Nc6 5. Bc4 e6 6. 0-0 Nge7 7. a3 d5 8. exd5 exd5 9. Ba2 0-0 10. d3 Rb8 11. Qe1 b5 12. Ne2 Nf5 13. c3 Re8 14. Qf2 d4 15. g4 Ne3 16. Bxe3 Rxe3 17. f5 g5 18. Ng3 Ne5 19. Nxe5 Bxe5 20. Ne4 dxc3 21. bxc3 Qxd3 22. Nxg5 Bxh2+ 23. Kxh2 Re2 24. Nxf7 c4 25. Nh6+ Kf8 26. f6 Rxf2+ 27. Rxf2 Qe3 28. Raf1 Qxh6+ 29. Kg3 Qe3+ 30. Rf3 Qe5+ 31. Kh4 Qh2+ 32. Kg5 Qxa2 0-1

[Event "SVK-chT1E 1516"]
[Site "Slovakia"]
[Date "2015.10.25"]
[Round "2.7"]
[White "Ondo, Radoslav"]
[Black "Biros, Robert"]
[Result "0-1"]
[WhiteElo "2041"]
[BlackElo "2139"]
[PlyCount "110"]
[EventDate "2015.10.24"]
[EventType "team-tourn"]
[EventRounds "11"]
[EventCountry "SVK"]
[SourceTitle "CBM 169 Extra"]
[Source "ChessBase"]
[SourceDate "2015.12.18"]
[SourceVersion "1"]
[SourceVersionDate "2015.12.18"]
[SourceQuality "1"]
[WhiteTeam "Michalovce Zemplin"]
[BlackTeam "Zilina Mladost"]
[WhiteTeamCountry "SVK"]
[BlackTeamCountry "SVK"]

1. e4 c5 2. c4 Nc6 3. Nc3 d6 4. g3 g6 5. Bg2 Bg7 6. Nge2 Nf6 7. d3 0-0 8. 0-0 Rb8 9. h3 a6 10. f4 Nd7 11. a4 Nd4 12. Kh2 b6 13. Rb1 Nxe2 14. Qxe2 Bb7 15. Bd2 Bc6 16. b4 cxb4 17. Rxb4 Nc5 18. a5 bxa5 19. Rxb8 Qxb8 20. Rb1 Qc7 21. Nd5 Bxd5 22. exd5 a4 23. Be3 Nb3 24. Qa2 Qd7 25. g4 Rb8 26. Bf3 Rb4 27. Bd1 Qb7 28. Kg3 Nc5 29. Rxb4 Qxb4 30. Bxc5 Qxc5 31. Qxa4 Qg1+ 32. Kf3 Bd4 33. Qc2 Qh1+ 34. Kg3 Qg1+ 35. Kf3 Qe3+ 36. Kg2 Qxf4 37. Qe2 Be5 38. Qf3 Qh2+ 39. Kf1 Bd4 40. Qg2 Qf4+ 41. Qf3 Qc1 42. Kg2 a5 43. Qe2 Be5 44. Kf2 Qf4+ 45. Qf3 Qh2+ 46. Qg2 Bd4+ 47. Kf1 Qf4+ 48. Qf3 Qc1 49. Kg2 Qa1 50. Qe2 a4 51. Kf3 a3 52. Bb3 Qh1+ 53. Qg2 Qb1 54. Ke4 Qxb3 55. Kxd4 Qb2+ 0-1

[Event "SVK-chT 0910"]
[Site "Slovakia"]
[Date "2009.11.28"]
[Round "3"]
[White "Rachela, Jozef"]
[Black "Biros, Robert"]
[Result "1/2-1/2"]
[WhiteElo "2072"]
[BlackElo "2150"]
[PlyCount "203"]
[EventDate "2009.10.24"]
[EventType "team-tourn"]
[EventRounds "11"]
[EventCountry "SVK"]
[SourceTitle "EXT 2019"]
[Source "ChessBase"]
[SourceDate "2018.10.10"]
[SourceVersion "1"]
[SourceVersionDate "2018.10.10"]
[SourceQuality "1"]
[WhiteTeam "Dunajska Streda"]
[BlackTeam "Zilina Mladost"]
[WhiteTeamCountry "SVK"]
[BlackTeamCountry "SVK"]

1. d4 Nf6 2. Nf3 c5 3. c4 cxd4 4. Nxd4 g6 5. Nc3 Bg7 6. e3 0-0 7. Be2 Nc6 8. 0-0 d6 9. b3 Bd7 10. Bb2 Rc8 11. Bf3 Qc7 12. Ncb5 Qb8 13. Nxc6 bxc6 14. Nc3 Bf5 15. Rc1 Nd7 16. Bg4 Bxg4 17. Qxg4 Ne5 18. Qe2 Nd7 19. Na4 e5 20. e4 Rfd8 21. Rfd1 Nf8 22. Nc3 Ne6 23. Qe3 Bf6 24. Rb1 Bg5 25. Qd3 Nc5 26. Qc2 Ne6 27. Qd3 Rc7 28. Ne2 Rb7 29. Bc1 Bf6 30. Be3 a5 31. Qd2 Qa8 32. Nc3 Be7 33. Na4 Qa6 34. f3 Nc7 35. Qf2 d5 36. Bc5 Bf6 37. Ba3 Rbb8 38. exd5 cxd5 39. cxd5 Nxd5 40. Nc5 Qb6 41. Ne4 Qxf2+ 42. Kxf2 Kg7 43. Rbc1 Nf4 44. Bd6 Rbc8 45. Rc4 Ne6 46. Rdc1 Ra8 47. Rc6 Re8 48. Re1 Nd4 49. Rc5 Ne6 50. Nxf6 Red8 51. Rc6 Kxf6 52. Bxe5+ Ke7 53. Re2 Rd5 54. Rb6 Ra7 55. a4 Kd7 56. Bb8 Ra8 57. Rb7+ Ke8 58. Ba7 Rd7 59. Rxd7 Kxd7 60. Bb6 Kc6 61. Be3 Rb8 62. Rc2+ Kd5 63. Rd2+ Kc6 64. Rd3 Rb7 65. Ke2 f5 66. g3 Rb4 67. Kd2 f4 68. Bf2 fxg3 69. hxg3 Nc7 70. Rc3+ Kd7 71. Kc2 Ne6 72. Rd3+ Kc6 73. Kb2 Rb7 74. Be1 Nc5 75. Rc3 Kd5 76. Kc2 Re7 77. Kd2 Rb7 78. Kc2 Re7 79. Kd2 Rb7 80. Kc2 Re7 81. Bd2 Re2 82. Re3 Rg2 83. g4 Kd4 84. Kd1 h5 85. gxh5 gxh5 86. f4 Ne4 87. Re2 Rg3 88. Kc2 h4 89. Be1 Rg4 90. Rh2 Rxf4 91. Bxh4 Rf3 92. Bd8 Rf5 93. Bb6+ Kd5 94. Bxa5 Nc5 95. Bb6 Ne4 96. a5 Kc6 97. Kd3 Nc5+ 98. Bxc5 Kxc5 99. Rb2 Kb4 100. Ra2 Kxb3 101. Ke4 Rh5 102. Ra1 1/2-1/2

[Event "SVK-chT 0910"]
[Site "Slovakia"]
[Date "2009.10.24"]
[Round "1"]
[White "Mrvova, Alena"]
[Black "Biros, Robert"]
[Result "1-0"]
[WhiteElo "2201"]
[BlackElo "2150"]
[PlyCount "85"]
[EventDate "2009.10.24"]
[EventType "team-tourn"]
[EventRounds "11"]
[EventCountry "SVK"]
[SourceTitle "EXT 2019"]
[Source "ChessBase"]
[SourceDate "2018.10.10"]
[SourceVersion "1"]
[SourceVersionDate "2018.10.10"]
[SourceQuality "1"]
[WhiteTeam "Dunajov"]
[BlackTeam "Zilina Mladost"]
[WhiteTeamCountry "SVK"]
[BlackTeamCountry "SVK"]

1. e4 c5 2. Nf3 d6 3. d4 cxd4 4. Nxd4 Nf6 5. Nc3 Nc6 6. Bc4 Qb6 7. Nde2 e6 8. 0-0 a6 9. Bb3 Be7 10. Ng3 0-0 11. Be3 Qc7 12. Na4 Nd7 13. c4 b5 14. cxb5 axb5 15. Nc3 Ba6 16. Nce2 Nc5 17. Rc1 Qb7 18. Bc2 Rfd8 19. Bb1 Rac8 20. f4 Bf6 21. Qd2 b4 22. Nh5 Qe7 23. Rf2 Na4 24. Nxf6+ Qxf6 25. Ng3 Bb5 26. Rd1 Qe7 27. Qe1 d5 28. exd5 exd5 29. Nf5 Qe6 30. Rfd2 Rd7 31. Qg3 Qf6 32. Nd4 Nxd4 33. Bxd4 Qh6 34. Bf5 Rcd8 35. Bxd7 Bxd7 36. Bf2 Bc6 37. Re1 Qd6 38. Bd4 f6 39. Rde2 Nc5 40. Re7 g6 41. Qh4 h5 42. Bxf6 Rd7 43. Qg5 1-0

[Event "SVK-chT1E 0809"]
[Site "Slovakia"]
[Date "2009.03.07"]
[Round "10.4"]
[White "Biros, Robert"]
[Black "Mnich, Jozef"]
[Result "1-0"]
[WhiteElo "2154"]
[BlackElo "1999"]
[PlyCount "85"]
[EventDate "2008.10.18"]
[EventType "team-tourn"]
[EventRounds "11"]
[EventCountry "SVK"]
[SourceTitle "EXT 2010"]
[Source "ChessBase"]
[SourceDate "2010.11.25"]
[SourceVersion "1"]
[SourceVersionDate "2010.11.25"]
[SourceQuality "1"]
[WhiteTeam "Zilina Mladost"]
[BlackTeam "Presov Tatran"]
[WhiteTeamCountry "SVK"]
[BlackTeamCountry "SVK"]

1. e4 e6 2. b3 d5 3. Bb2 Nf6 4. e5 Nfd7 5. d4 c5 6. c3 Nc6 7. f4 cxd4 8. cxd4 Bb4+ 9. Nc3 0-0 10. Nf3 f6 11. a3 Ba5 12. b4 Bb6 13. b5 Ne7 14. Bd3 fxe5 15. fxe5 Nf5 16. Qc2 Nxd4 17. Nxd4 Bxd4 18. Bxh7+ Kh8 19. 0-0-0 Qg5+ 20. Kb1 Bxe5 21. Rhf1 Nf6 22. Bd3 Bd7 23. Qe2 Rac8 24. Bc1 Qh5 25. Rxf6 Qxe2 26. Rxf8+ Rxf8 27. Nxe2 Rf2 28. Rg1 Bd6 29. Be3 Rf8 30. Kb2 e5 31. a4 a6 32. Rc1 e4 33. Bb1 axb5 34. a5 Be5+ 35. Bd4 Bf6 36. Ba2 Bc6 37. a6 Ra8 38. a7 Be7 39. Bb3 Bf6 40. Ra1 Kg8 41. Bxf6 gxf6 42. Nf4 Kf8 43. Ne6+ 1-0

[Event "SVK-chT1E 0809"]
[Site "Slovakia"]
[Date "2009.02.08"]
[Round "9.6"]
[White "Biros, Robert"]
[Black "Krajnak, Martin"]
[Result "0-1"]
[WhiteElo "2154"]
[BlackElo "2301"]
[PlyCount "116"]
[EventDate "2008.10.18"]
[EventType "team-tourn"]
[EventRounds "11"]
[EventCountry "SVK"]
[SourceTitle "EXT 2010"]
[Source "ChessBase"]
[SourceDate "2010.11.25"]
[SourceVersion "1"]
[SourceVersionDate "2010.11.25"]
[SourceQuality "1"]
[WhiteTeam "Zilina Mladost"]
[BlackTeam "Sabinov"]
[WhiteTeamCountry "SVK"]
[BlackTeamCountry "SVK"]

1. c4 Nf6 2. Nc3 e5 3. g3 c6 4. d4 d6 5. Bg2 Be7 6. e4 0-0 7. Nge2 Be6 8. b3 Qc8 9. f4 Bh3 10. 0-0 Bxg2 11. Kxg2 Nbd7 12. Ba3 Re8 13. Qd3 Qc7 14. Nd1 Bf8 15. Nf2 exd4 16. Nxd4 d5 17. Bxf8 dxe4 18. Nxe4 Nxe4 19. Ba3 Ndf6 20. Nf3 Rad8 21. Qc2 Qa5 22. Bc1 Qc5 23. Re1 Qf5 24. Be3 Nxg3 25. Qxf5 Nxf5 26. Bxa7 Rxe1 27. Nxe1 Rd2+ 28. Kg1 h6 29. Nf3 Rb2 30. Nd4 Nh4 31. a4 Rg2+ 32. Kf1 Rxh2 33. Re1 Rh1+ 34. Kf2 Rxe1 35. Kxe1 Ng2+ 36. Kf1 Nxf4 37. a5 Ne4 38. Bb8 Ne6 39. Nxc6 Nd2+ 40. Ke2 Nxb3 41. Ne7+ Kf8 42. Bd6 Ke8 43. Nf5 Nbd4+ 44. Nxd4 Nxd4+ 45. Kd3 Nc6 46. Bc7 Kd7 47. Bb6 f5 48. Ke3 Ke6 49. Bc7 g5 50. Kf2 f4 51. Kf3 Kf5 52. Kf2 g4 53. Bb6 h5 54. Kg2 h4 55. Kh2 f3 56. Kg1 g3 57. Bc7 Kg4 58. c5 f2+ 0-1

[Event "SVK-chT1E 0809"]
[Site "Slovakia"]
[Date "2009.02.07"]
[Round "8.5"]
[White "Fedorko, Stefan"]
[Black "Biros, Robert"]
[Result "0-1"]
[WhiteElo "2153"]
[BlackElo "2154"]
[PlyCount "126"]
[EventDate "2008.10.18"]
[EventType "team-tourn"]
[EventRounds "11"]
[EventCountry "SVK"]
[SourceTitle "EXT 2010"]
[Source "ChessBase"]
[SourceDate "2010.11.25"]
[SourceVersion "1"]
[SourceVersionDate "2010.11.25"]
[SourceQuality "1"]
[WhiteTeam "Bardejov BSK"]
[BlackTeam "Zilina Mladost"]
[WhiteTeamCountry "SVK"]
[BlackTeamCountry "SVK"]

1. d4 Nf6 2. c4 c5 3. d5 e6 4. Nc3 exd5 5. cxd5 d6 6. e4 g6 7. Nf3 Bg7 8. Bd3 0-0 9. 0-0 Na6 10. Bf4 Nc7 11. Qc2 a6 12. a4 b6 13. Rfe1 Rb8 14. Rad1 b5 15. axb5 axb5 16. Bxd6 Qxd6 17. e5 Qd8 18. exf6 Qxf6 19. Ne4 Qxb2 20. Qxc5 Na6 21. Qd6 Qb4 22. Rb1 Qxd6 23. Nxd6 Nc5 24. Bxb5 Bg4 25. Ng5 Rbd8 26. Ngxf7 Rxf7 27. Nxf7 Kxf7 28. Rbc1 Bf8 29. f3 Bd7 30. Bc4 Bd6 31. Rb1 Bf5 32. Rb6 h5 33. Rc6 Nb7 34. Ra1 Bd7 35. Kf1 Bxh2 36. Raa6 Bf5 37. Ra7 Rd7 38. d6+ Kf6 39. Rc7 Nxd6 40. Rxd7 Bxd7 41. Rxd7 Nxc4 42. Kf2 h4 43. Rd4 Bg3+ 44. Ke2 Ne5 45. f4 Ng4 46. Kf3 Nh2+ 47. Ke4 Ng4 48. Kf3 Nh6 49. Ra4 Nf5 50. Ra6+ Kg7 51. Ra7+ Kh6 52. Rd7 Ng7 53. Rf7 Ne6 54. Kg4 Nxf4 55. Rxf4 Bxf4 56. Kxf4 Kh5 57. Ke5 Kg4 58. Kf6 g5 59. Kg6 Kf4 60. Kh5 Kf5 61. Kh6 g4 62. Kh5 h3 63. Kh4 hxg2 0-1

[Event "SVK-chT1E 0809"]
[Site "Slovakia"]
[Date "2009.01.11"]
[Round "7.4"]
[White "Szamos, Alexander"]
[Black "Biros, Robert"]
[Result "1-0"]
[WhiteElo "2207"]
[BlackElo "2154"]
[PlyCount "109"]
[EventDate "2008.10.18"]
[EventType "team-tourn"]
[EventRounds "11"]
[EventCountry "SVK"]
[SourceTitle "EXT 2010"]
[Source "ChessBase"]
[SourceDate "2010.11.25"]
[SourceVersion "1"]
[SourceVersionDate "2010.11.25"]
[SourceQuality "1"]
[WhiteTeam "Filakovo"]
[BlackTeam "Zilina Mladost"]
[WhiteTeamCountry "SVK"]
[BlackTeamCountry "SVK"]

1. Nf3 c5 2. g3 g6 3. Bg2 Bg7 4. c4 Nc6 5. Nc3 e6 6. e4 Nge7 7. 0-0 0-0 8. d3 d5 9. exd5 exd5 10. Bg5 dxc4 11. dxc4 Bxc3 12. bxc3 Qxd1 13. Rfxd1 Be6 14. Rab1 f6 15. Be3 b6 16. Rd6 Bf5 17. Rbd1 Rad8 18. h3 Be6 19. Bf1 Kf7 20. g4 Rxd6 21. Rxd6 Na5 22. a4 Nc8 23. Rd1 g5 24. Bxg5 fxg5 25. Nxg5+ Ke7 26. Re1 Rf6 27. Nxh7 Rh6 28. Ng5 Kd7 29. f4 Bxc4 30. f5 Nd6 31. Kg2 Bb3 32. Kg3 Bxa4 33. Nf3 Nc6 34. Kf4 Rf6 35. Bd3 Rf8 36. g5 Ne7 37. Ne5+ Kd8 38. f6 Nd5+ 39. Kg4 Nxf6+ 40. gxf6 Rxf6 41. h4 Bd7+ 42. Nxd7 Kxd7 43. h5 a5 44. c4 Re6 45. Rh1 Re3 46. Bg6 Nxc4 47. h6 Ne5+ 48. Kf4 Re2 49. Bf5+ Kc7 50. Rg1 Rh2 51. h7 Kd6 52. Rd1+ Kc6 53. Kxe5 a4 54. Rd8 Re2+ 55. Be4+ 1-0

[Event "SVK-chT2C 0708"]
[Site "Slovakia"]
[Date "2008.02.02"]
[Round "8.2"]
[White "Toma, Rudolf"]
[Black "Biros, Robert"]
[Result "0-1"]
[WhiteElo "2093"]
[BlackElo "2160"]
[PlyCount "98"]
[EventDate "2007.10.06"]
[EventType "team-tourn"]
[EventRounds "11"]
[EventCountry "SVK"]
[SourceTitle "EXT 2010"]
[Source "ChessBase"]
[SourceDate "2010.11.25"]
[SourceVersion "1"]
[SourceVersionDate "2010.11.25"]
[SourceQuality "1"]
[WhiteTeam "Zvolen Slavia"]
[BlackTeam "Zilina Mladost II"]
[WhiteTeamCountry "SVK"]
[BlackTeamCountry "SVK"]

1. d4 Nf6 2. c4 c5 3. Nf3 e6 4. Nc3 Be7 5. e4 cxd4 6. Nxd4 Nc6 7. Be3 0-0 8. Bd3 d6 9. 0-0 Bd7 10. Rc1 a6 11. Nxc6 bxc6 12. f4 Qa5 13. Kh1 Rad8 14. Qf3 Bc8 15. Qg3 Qh5 16. Be2 Qg6 17. Qf3 h5 18. h3 d5 19. f5 exf5 20. exd5 cxd5 21. Nxd5 Nxd5 22. cxd5 h4 23. Rc6 Rd6 24. Bf4 Rxc6 25. dxc6 Qe6 26. b3 Qe4 27. Bc4 Qxf3 28. Rxf3 Rd8 29. Rd3 Rxd3 30. Bxd3 Bc5 31. Bd2 Kf8 32. b4 Bb6 33. a4 f6 34. b5 a5 35. Bf4 Ke7 36. Bc4 g5 37. Bh2 Kd8 38. Bd6 f4 39. Bb3 Bf5 40. Bd1 Be4 41. Kh2 Bf5 42. Bb3 Be4 43. Bd1 Bd5 44. Bc2 f3 45. gxf3 Bxf3 46. Ba3 Bc7+ 47. Kg1 g4 48. Bf5 Bb6+ 49. Kf1 g3 0-1

[Event "SVK-chT2C 0708"]
[Site "Slovakia"]
[Date "2007.11.04"]
[Round "4.5"]
[White "Biros, Robert"]
[Black "Giertli, Vladimir"]
[Result "1/2-1/2"]
[WhiteElo "2160"]
[BlackElo "2063"]
[PlyCount "87"]
[EventDate "2007.10.06"]
[EventType "team-tourn"]
[EventRounds "11"]
[EventCountry "SVK"]
[SourceTitle "EXT 2010"]
[Source "ChessBase"]
[SourceDate "2010.11.25"]
[SourceVersion "1"]
[SourceVersionDate "2010.11.25"]
[SourceQuality "1"]
[WhiteTeam "Zilina Mladost II"]
[BlackTeam "Podbrezova ZP Sport"]
[WhiteTeamCountry "SVK"]
[BlackTeamCountry "SVK"]

1. e4 d6 2. d4 Nf6 3. Nc3 g6 4. f4 Bg7 5. Nf3 c5 6. dxc5 Qa5 7. Bd3 Qxc5 8. Qe2 0-0 9. Be3 Qc7 10. 0-0 Nbd7 11. Kh1 a6 12. Bd4 e5 13. Be3 b5 14. fxe5 dxe5 15. Bg5 Bb7 16. Nd2 Rae8 17. Nd1 Nh5 18. a4 bxa4 19. Rxa4 Nc5 20. Rc4 Qd6 21. Rc3 Ne6 22. Nc4 Qc7 23. Qe3 Nxg5 24. Qxg5 f6 25. Qe3 Qe7 26. Na5 Ba8 27. Qb6 f5 28. Rc7 Qg5 29. Qa7 Bxe4 30. Bxe4 fxe4 31. Rcf7 Bh6 32. Nc4 Re7 33. Rxf8+ Bxf8 34. Qa8 Nf6 35. Qxa6 Bg7 36. Nd6 h5 37. Qa8+ Kh7 38. Nxe4 Nxe4 39. Qxe4 Rd7 40. Nf2 Rd4 41. Qf3 Qd2 42. Ne4 Qxc2 43. Ng5+ Kh6 44. Nf7+ 1/2-1/2

[Event "SVK-chT2C 0708"]
[Site "Slovakia"]
[Date "2007.10.06"]
[Round "1.6"]
[White "Biros, Robert"]
[Black "Haluska, Peter"]
[Result "1-0"]
[WhiteElo "2160"]
[BlackElo "2064"]
[PlyCount "85"]
[EventDate "2007.10.06"]
[EventType "team-tourn"]
[EventRounds "11"]
[EventCountry "SVK"]
[SourceTitle "EXT 2010"]
[Source "ChessBase"]
[SourceDate "2010.11.25"]
[SourceVersion "1"]
[SourceVersionDate "2010.11.25"]
[SourceQuality "1"]
[WhiteTeam "Zilina Mladost II"]
[BlackTeam "Dolny Kubin"]
[WhiteTeamCountry "SVK"]
[BlackTeamCountry "SVK"]

1. e4 e6 2. b3 d5 3. Bb2 Nf6 4. e5 Nfd7 5. d4 c5 6. c3 Nc6 7. f4 f5 8. Nf3 Be7 9. Be2 0-0 10. 0-0 cxd4 11. cxd4 Rf7 12. Ba3 Bxa3 13. Nxa3 a6 14. g4 fxg4 15. Ng5 Re7 16. Bxg4 Nf8 17. Qd3 h6 18. Nh3 Bd7 19. Nc2 Rc8 20. Rf2 Qb6 21. f5 exf5 22. Bxf5 Nb4 23. Nxb4 Qxb4 24. Bxd7 Rxd7 25. Nf4 Qe7 26. Qf3 Qd8 27. Re1 Rc6 28. e6 Re7 29. Rfe2 Rd6 30. Re5 Qb6 31. Qe3 Qa5 32. Re2 g5 33. Nh5 Rexe6 34. Qf3 Qd8 35. Rf2 Qe7 36. Rxe6 Rxe6 37. Qxd5 Qd6 38. Qf5 Re1+ 39. Kg2 Qe7 40. Nf6+ Kg7 41. Nh5+ Kg8 42. d5 Re5 43. d6 1-0

[Event "SVK-chT 0607"]
[Site "Slovakia"]
[Date "2006.11.11"]
[Round "3"]
[White "Biros, Robert"]
[Black "Lipka, Juraj"]
[Result "0-1"]
[WhiteElo "2154"]
[BlackElo "2420"]
[PlyCount "52"]
[EventDate "2006.10.21"]
[EventType "team-tourn"]
[EventRounds "11"]
[EventCountry "SVK"]
[SourceTitle "EXT 2019"]
[Source "ChessBase"]
[SourceDate "2018.10.10"]
[SourceVersion "1"]
[SourceVersionDate "2018.10.10"]
[SourceQuality "1"]
[WhiteTeam "Zilina Mladost"]
[BlackTeam "Komarno"]
[WhiteTeamCountry "SVK"]
[BlackTeamCountry "SVK"]

1. e4 d5 2. exd5 Qxd5 3. Nc3 Qd6 4. d4 Nf6 5. Bc4 a6 6. Nf3 b5 7. Bb3 Bb7 8. Ne5 e6 9. Bf4 Qd8 10. 0-0 Bd6 11. d5 exd5 12. Nxd5 Bxe5 13. Bxe5 Nxd5 14. Bxg7 Qg5 15. Bxh8 Ne3 16. g3 Nxd1 17. Raxd1 Nc6 18. Rfe1+ Kf8 19. Rd7 Kg8 20. Bc3 Qf5 21. Rxc7 b4 22. Bd2 Rd8 23. Bf4 Rd7 24. Re8+ Kg7 25. Rxd7 Qxd7 26. Re1 Na5 0-1

[Event "SVK-chT2C 0506"]
[Site "Slovakia"]
[Date "2006.03.11"]
[Round "10.2"]
[White "Jelsovka, Anton"]
[Black "Biros, Robert"]
[Result "0-1"]
[WhiteElo "1877"]
[BlackElo "2202"]
[PlyCount "168"]
[EventDate "2005.10.22"]
[EventType "team-tourn"]
[EventRounds "11"]
[EventCountry "SVK"]
[SourceTitle "EXT 2009"]
[Source "ChessBase"]
[SourceDate "2008.11.26"]
[SourceVersion "1"]
[SourceVersionDate "2008.11.26"]
[SourceQuality "1"]

1. e4 c5 2. Nf3 d6 3. d4 cxd4 4. c3 d3 5. Bxd3 Nc6 6. 0-0 g6 7. h3 Bg7 8. Be3 Nf6 9. Nbd2 0-0 10. Nb3 Nd7 11. Rc1 b6 12. Re1 Bb7 13. Qd2 Nde5 14. Nbd4 Nxd3 15. Nxc6 Bxc6 16. Qxd3 Rc8 17. Nd4 Bb7 18. Bg5 Qd7 19. Rcd1 Rfe8 20. Qg3 Qa4 21. Nf5 f6 22. Nxg7 Kxg7 23. Bc1 Qxa2 24. Qh4 Rc4 25. Qh6+ Kg8 26. f3 Rc5 27. g4 Qf7 28. h4 Qg7 29. Qe3 Rec8 30. Kh2 b5 31. Bd2 a5 32. b4 axb4 33. cxb4 Rc2 34. Rc1 Qf7 35. Rxc2 Rxc2 36. Rc1 Rb2 37. Kg1 Qa2 38. Rd1 Rc2 39. Kf1 Bc8 40. Ke1 Be6 41. Rc1 Rxc1+ 42. Bxc1 Qh2 43. Qf2 Qh1+ 44. Kd2 Bb3 45. Qe2 Qxh4 46. Qxb5 Qf2+ 47. Qe2 Qd4+ 48. Ke1 Qxb4+ 49. Bd2 Qd4 50. Qe3 Qa1+ 51. Bc1 Bc4 52. Qa3 Qe5 53. Qe3 Qg3+ 54. Qf2 Qh3 55. Kd2 Qh6+ 56. Kc2 Bd3+ 57. Kb2 Qh1 58. Qe3 Qg2+ 59. Bd2 Qe2 60. g5 Qxe3 61. Bxe3 Kf7 62. Kc3 Be2 63. f4 Ke6 64. Kd4 Ba6 65. Bd2 Bb7 66. Bb4 Kf7 67. e5 dxe5+ 68. fxe5 fxg5 69. Ke3 Ke6 70. Kf2 h5 71. Kg3 Be4 72. Bc5 Bf5 73. Bb4 h4+ 74. Kg2 g4 75. Bc5 Be4+ 76. Kh2 g5 77. Bb4 Kf7 78. Bd2 Kg6 79. e6 Bd5 80. Bb4 Kf6 81. Bd2 Bxe6 82. Bc3+ Kf5 83. Bb4 g3+ 84. Kg1 h3 0-1

[Event "SVK-chT2C 0506"]
[Site "Slovakia"]
[Date "2006.02.12"]
[Round "9.2"]
[White "Biros, Robert"]
[Black "Rogos, Jan Jr"]
[Result "1-0"]
[WhiteElo "2202"]
[BlackElo "2048"]
[PlyCount "92"]
[EventDate "2005.10.22"]
[EventType "team-tourn"]
[EventRounds "11"]
[EventCountry "SVK"]
[SourceTitle "EXT 2009"]
[Source "ChessBase"]
[SourceDate "2008.11.26"]
[SourceVersion "1"]
[SourceVersionDate "2008.11.26"]
[SourceQuality "1"]

1. e4 c5 2. Nf3 Nc6 3. c3 d5 4. exd5 Qxd5 5. Bb5 Bg4 6. Na3 Bxf3 7. Qxf3 Qxf3 8. gxf3 Rc8 9. Nc4 a6 10. Nb6 Rc7 11. Ba4 e5 12. d3 Nge7 13. Be3 Nc8 14. Nxc8 Rxc8 15. Rg1 g6 16. 0-0-0 b5 17. Bb3 Bd6 18. Bh6 Ke7 19. Rde1 Kf6 20. h4 Rhe8 21. h5 Bf8 22. Bg5+ Kg7 23. hxg6 hxg6 24. Rh1 a5 25. Rh3 Be7 26. Bh6+ Kf6 27. Reh1 a4 28. Bd5 Na5 29. f4 exf4 30. Bxf4 Red8 31. Be4 Bd6 32. Bh6 g5 33. Rf3+ Bf4+ 34. Kc2 Ke7 35. Bf5 Rc6 36. Re1+ Kf6 37. Be4 Re6 38. Bxg5+ Kxg5 39. Rg1+ Kf6 40. Rxf4+ Ke7 41. Rg7 Rf6 42. Rxf6 Kxf6 43. Rh7 Ke7 44. Rh6 f6 45. Rh7+ Kd6 46. Ra7 Nc6 1-0

[Event "SVK-chT2C 0506"]
[Site "Slovakia"]
[Date "2006.01.15"]
[Round "7.1"]
[White "Palecek, Peter"]
[Black "Biros, Robert"]
[Result "1-0"]
[WhiteElo "2260"]
[BlackElo "2202"]
[PlyCount "121"]
[EventDate "2005.10.22"]
[EventType "team-tourn"]
[EventRounds "11"]
[EventCountry "SVK"]
[SourceTitle "EXT 2009"]
[Source "ChessBase"]
[SourceDate "2008.11.26"]
[SourceVersion "1"]
[SourceVersionDate "2008.11.26"]
[SourceQuality "1"]

1. d4 Nf6 2. c4 c5 3. Nf3 cxd4 4. Nxd4 Nc6 5. Nc3 e6 6. e3 Be7 7. Be2 0-0 8. 0-0 a6 9. b3 d5 10. cxd5 Nxd4 11. Qxd4 Nxd5 12. Nxd5 exd5 13. Bb2 Bf6 14. Qd2 Bxb2 15. Qxb2 Qg5 16. Rfd1 Rd8 17. Bf3 Bg4 18. Bxg4 Qxg4 19. Rd4 Qe6 20. Rad1 f5 21. Qd2 Rac8 22. g3 g6 23. Rxd5 Qxd5 24. Qxd5+ Rxd5 25. Rxd5 Rc7 26. Kg2 Kf7 27. Kf3 Ke6 28. Rd2 Ke5 29. Ke2 Ke6 30. f4 Rc1 31. Kf3 Rf1+ 32. Ke2 Rc1 33. Kd3 Re1 34. Re2 Rd1+ 35. Kc4 Rc1+ 36. Kd4 Kd6 37. e4 fxe4 38. Kxe4 Rf1 39. Rd2+ Ke6 40. Rc2 Re1+ 41. Kf3 Kd6 42. Kg4 Re7 43. Kg5 Rf7 44. g4 Kd5 45. Re2 Kd4 46. f5 gxf5 47. gxf5 Kd3 48. Rb2 Rg7+ 49. Kf6 Rc7 50. Ke5 Rc5+ 51. Kf4 Rc6 52. Rg2 b5 53. Ke5 Rc5+ 54. Ke6 Rc6+ 55. Kd5 Rh6 56. Ke5 Rh5 57. Ke6 Ke4 58. f6 Re5+ 59. Kf7 Kf3 60. Rg3+ Kf4 61. Kg7 1-0

[Event "Tatry op"]
[Site "Tatranske Zruby"]
[Date "2005.09.17"]
[Round "9"]
[White "Hanzluvka, Peter"]
[Black "Biros, Robert"]
[Result "0-1"]
[WhiteElo "2052"]
[BlackElo "2200"]
[PlyCount "106"]
[EventDate "2005.09.10"]
[EventType "swiss"]
[EventRounds "9"]
[EventCountry "SVK"]
[SourceTitle "CBM 108 Extra"]
[Source "ChessBase"]
[SourceDate "2005.11.04"]
[SourceVersion "1"]
[SourceVersionDate "2005.11.04"]
[SourceQuality "1"]

1. e4 c5 2. Nf3 d6 3. d4 cxd4 4. Nxd4 Nf6 5. Nc3 Nc6 6. Bc4 Qb6 7. Nxc6 bxc6 8. 0-0 g6 9. Bb3 Bg7 10. Be3 Qc7 11. f3 0-0 12. Qd2 Rd8 13. Rad1 Bb7 14. Qf2 Ba6 15. Rfe1 e6 16. Bf4 Nh5 17. Bg5 Rd7 18. Na4 Bb5 19. Nc3 Ba6 20. Na4 h6 21. Be3 Rdd8 22. Qh4 Bf6 23. Qf2 Kh7 24. f4 Qe7 25. Qf3 Ng7 26. Bf2 Ne8 27. f5 e5 28. fxg6+ fxg6 29. Qh3 Bc8 30. Qc3 Bg4 31. Rd3 Rac8 32. h3 Be6 33. Qa5 Rd7 34. Red1 Rb7 35. Qa6 Rcc7 36. Rc3 Bd7 37. Qc4 Qg7 38. Qf7 c5 39. Qxg7+ Kxg7 40. Rc4 Bb5 41. Nc3 Bxc4 42. Bxc4 Rxb2 43. Nb5 Rb7 44. Nxd6 Nxd6 45. Rxd6 Rxc2 46. Bb3 Rc1+ 47. Kh2 c4 48. Ba4 Ra1 49. Bc6 Rc7 50. Be3 Rxa2 51. Bd5 Bg5 52. Bc5 Rxc5 53. Rd7+ Kf8 0-1

[Event "Tatry op"]
[Site "Tatranske Zruby"]
[Date "2005.09.15"]
[Round "7"]
[White "Povysil, Peter"]
[Black "Biros, Robert"]
[Result "1-0"]
[WhiteElo "2072"]
[BlackElo "2200"]
[PlyCount "57"]
[EventDate "2005.09.10"]
[EventType "swiss"]
[EventRounds "9"]
[EventCountry "SVK"]
[SourceTitle "CBM 108 Extra"]
[Source "ChessBase"]
[SourceDate "2005.11.04"]
[SourceVersion "1"]
[SourceVersionDate "2005.11.04"]
[SourceQuality "1"]

1. d4 d5 2. c4 e6 3. Nc3 c6 4. e3 f5 5. Bd3 Nf6 6. Nge2 Bd6 7. Bd2 0-0 8. Qc2 Ne4 9. f4 b6 10. Bxe4 dxe4 11. 0-0-0 Na6 12. a3 Qe7 13. g4 Nc7 14. Rhg1 Ba6 15. gxf5 exf5 16. Ng3 Rae8 17. Nh5 Rf7 18. Ne2 Qe6 19. d5 cxd5 20. Bc3 g6 21. Qd2 Bxc4 22. Nd4 Qe7 23. Nc6 Qh4 24. Qd4 Be5 25. Nxe5 Qxh5 26. Nxf7 Kf8 27. Qg7+ Ke7 28. Bb4+ Ke6 29. Ng5+ 1-0